000 00425nam a2200121 4500
245 _aCrime and punishment : a novel in six parts and an epilogue.
_cby F.M. Dostoevsky and translated from the Russian by Jessie Caulson.
100 _aDostoevsky, F.M
710 _aCaulson, Jessie
260 _aLondon
_bOxford University Press
_c1973
300 _axiv,527p.; 16cm
490 _aWorld classics;no. 619.
082 _a891.733
_b DOS/COU
999 _c1070
_d1070